Statistics for Философы по их научным трудам

Click here to take the quiz!

General Stats

  • This quiz has been taken 12 times
  • The average score is 15 of 70

Answer Stats

ПроизведениеФилософ% Correct
Критика чистого разумаИммануил Кант
70%
ОрганонАристотель
60%
Сумерки идоловФридрих Ницше
60%
Происхождение семьи, частной собственности и государстваФридрих Энгельс
50%
КапиталКарл Маркс
50%
Рассуждение о методеРене Декарт
40%
ГосударствоПлатон
40%
Наука логикиГеорг Вильгельм Фридрих Гегель
40%
Хлеб и воляПётр Кропоткин
40%
Беседы и сужденияКонфуций
40%
Сущность христианстваЛюдвиг Фейербах
30%
Курс позитивной философииОгюст Конт
30%
Сумма теологииФома Аквинский
30%
Опыт о человеческом разуменииДжон Локк
30%
Миф о СизифеАльбер Камю
30%
Протестантская этика и дух капитализмаМакс Вебер
30%
Философические письмаПётр Чаадаев
30%
Логико-философский трактатЛюдвиг Витгенштейн
30%
Государственность и анархияМихаил Бакунин
30%
Мир как воля и представлениеАртур Шопенгауэр
30%
Экзистенциализм - это гуманизмЖан-Поль Сартр
30%
Скажи жизни "Да" / Человек в поисках смыслаВиктор Франкл
20%
О жизни, учениях и изречениях знаменитых философовДиоген Лаэртский
20%
Бытие и времяМартин Хайдеггер
20%
Симулякры и симуляцияЖан Бодрийяр
20%
Общество спектакляГи Дебор
20%
Одномерный человекГерберт Маркузе
20%
ЭннеадыПлотин
20%
Открытое общество и его врагиКарл Поппер
20%
Рассуждение о метафизикеГотфрид Лейбниц
20%
Похвала глупостиЭразм Роттердамский
20%
Опыт новой теории зренияДжордж Беркли
20%
ЛевиафанТомас Гоббс
20%
Надзирать и наказыватьМишель Фуко
20%
МоралииПлутарх
20%
Математические начала натуральной философииИсаак Ньютон
20%
Кандид, или ОптимизмВольтер
20%
К себе самомуМарк Аврелий
20%
СтомахионАрхимед
20%
История западной философииБертран Рассел
20%
Исследование о природе и причинах богатств народовАдам Смит
20%
ИсповедьБлаженный Августин
20%
Творческая эволюцияАнри Бергсон
20%
Добродетель эгоизмаАйн Рэнд
20%
ГосударьНикколо Макиавелли
20%
Новый ОрганонФрэнсис Бэкон
20%
Элементы социологииЭмиль Дюркгейм
10%
Что такое философияХосе Ортега-и-Гасет
10%
Проблема немецкой виныКарл Ясперс
10%
Анти-ЭдипЖиль Делёз и Феликс Гваттари
10%
Проклятые земли сейФранц Фанон
10%
Прекращение войны посредством народного самоуправленияГустав Ландауэр
10%
Банальность зла. Эйхман в ИерусалимеХанна Арендт
10%
безымянное сочинениеГераклит
10%
Второй полСимона де Бовуар
10%
Диалектика мифаАлексей Лосев
10%
Доктрина фашизмаДжованни Джентиле
10%
Единственный и его достояниеМакс Штирнер
10%
Закат Западного мира / Закат ЕвропыОсвальд Шпенглер
10%
Замкнутое торговое государствоИоганн Фихте
10%
Исследование о человеческом познанииДэвид Юм
10%
История глазаЖорж Батай
10%
Апофеоз беспочвенностиЛев Шестов
10%
О насилииСлавой Жижек
10%
Социальная статистикаГерберт Спенсер
0%
О мировой душеФридрих Шеллинг
0%
Главные мыслиЭпикур
0%
Послание монаха о тайных действиях искусства и природы и ничтожности магииРоджер Бэкон
0%
Рассуждение о влиянии наук и художествЖан-Жак Руссо
0%
Этика, доказанная в геометрическом порядкеБенедикт Спиноза
0%

Score Distribution

Percentile by Number Answered

Percent of People with Each Score

Your Score History

You have not taken this quiz